Documento expedido a Pantaleón Herrera (Record no. 4881)

MARC details
000 -CABECERA
campo de control de longitud fija 01696nam a2200337 a 4500
001 - NÚMERO DE CONTROL
campo de control BRCA_5187
005 - FECHA Y HORA DE LA ÚLTIMA TRANSACCIÓN
campo de control 20190320204956.0
008 - DATOS DE LONGITUD FIJA--INFORMACIÓN GENERAL
campo de control de longitud fija 241110s1827----mx-#######---#000-0#spa-#
041 ## - CÓDIGO DE LENGUA
Código de lengua del texto/banda sonora o título independiente spa
044 ## - CÓDIGO DEL PAÍS DE LA ENTIDAD EDITORA/PRODUCTORA
Código MARC del país mx
084 ## - OTRO NÚMERO DE CLASIFICACIÓN
Número de clasificación DOC144
Número de documento/Ítem .H47
-- 1827
100 1# - ENTRADA PRINCIPAL--NOMBRE DE PERSONA
Nombre de persona Herrera, Pantaleón
Títulos y otros términos asociados al nombre Arriero
9 (RLIN) 13270
245 10 - MENCIÓN DE TÍTULO
Título Documento expedido a Pantaleón Herrera
Mención de responsabilidad, etc. Pantaleón Herrera ... [et al.].
260 ## - PUBLICACIÓN, DISTRIBUCIÓN, ETC.
Lugar de publicación, distribución, etc. México
Fecha de publicación, distribución, etc. 1827
300 ## - DESCRIPCIÓN FÍSICA
Extensión [10] fojas
Dimensiones 33 x 23 cm
500 ## - NOTA GENERAL
Nota general Documento firmado el 29 de abril de 1827 por el Lic. José Anzave
500 ## - NOTA GENERAL
Nota general Queja ante las autoridades respectivas del Arriero Pantaleón Herrera, sirviente de Doña Josefa Guevara por los malos tratos e injurias del mayordomo Don Matías Rivero. Se presentan testimonios contra el mismo de otros arrieros
500 ## - NOTA GENERAL
Nota general El documento contiene la leyenda DOC. #312
500 ## - NOTA GENERAL
Nota general Papel con marca de agua
500 ## - NOTA GENERAL
Nota general En la parte superior sello con escudo Nacional e inscripción que dice: SELLO CUARTO. UNA CUARTILLA. PARA LOS AÑOS DE MIL OCHOCIENTOS VEINTE Y SEIS Y OCHOCIENTOS VEINTE Y SIETE
500 ## - NOTA GENERAL
Nota general Estado de conservación: contiene manchas de acido y márgenes maltratados
506 0# - NOTA DE RESTRICCIONES AL ACCESO
Limitaciones de acceso Fondo reservado: para su consulta es necesario credencial de usuario y carta de motivos
546 ## - NOTA DE LENGUA/LENGUAJE
Nota de lengua/lenguaje Texto en: español de principios del siglo XIX
600 14 - PUNTO DE ACCESO ADICIONAL DE MATERIA--NOMBRE DE PERSONA
Nombre de persona Herrera, Pantaleón
Títulos y otros términos asociados al nombre Arriero
9 (RLIN) 13270
650 14 - PUNTO DE ACCESO ADICIONAL DE MATERIA--TÉRMINO DE MATERIA
Término de materia o nombre geográfico como elemento de entrada Documentos legales
Subdivisión de forma Impreso con rúbricas
Subdivisión general Historia
Subdivisión cronológica Federalismo y centralismo, 1824-1853
Subdivisión geográfica México
9 (RLIN) 13271
700 1# - PUNTO DE ACCESO ADICIONAL--NOMBRE DE PERSONA
Nombre de persona Guevara, Josefa
Títulos y otros términos asociados al nombre Dueñas del Mesón
9 (RLIN) 13272
700 1# - PUNTO DE ACCESO ADICIONAL--NOMBRE DE PERSONA
Nombre de persona Anzave, José
Títulos y otros términos asociados al nombre Licenciado
9 (RLIN) 13273
700 1# - PUNTO DE ACCESO ADICIONAL--NOMBRE DE PERSONA
Nombre de persona Rivero, Matías
Títulos y otros términos asociados al nombre Mayordomo
9 (RLIN) 13274
902 ## - CATALOGADOR
Iniciales FDH
942 ## - ELEMENTOS DE PUNTO DE ACCESO ADICIONAL (KOHA)
Fuente del sistema de clasificación o colocación Library of Congress Classification
Tipo de ítem Koha Documentos
Holdings
Estado de retiro Estado de pérdida Estado dañado No para préstamo Localización permanente Ubicación/localización actual Fecha de adquisición Total de préstamos Signatura topográfica completa Código de barras Fecha visto por última vez Precio válido a partir de Tipo de ítem Koha
El ejemplar forma parte de la colección y puede ser consultado según las políticas vigentes.       Biblioteca del Museo Franz Mayer (Rogerio Casas-Alatriste) Biblioteca del Museo Franz Mayer (Rogerio Casas-Alatriste) 24/11/2010   DOC144 .H47 1827 5615 22/03/2019 22/03/2019 Documentos